000 01136nmc a2200445 a 4500
003 AR-BaBNM
005 20251128204550.0
008 011101s1995 ||||||||||||||000 | spa||
020 _a950-701-302-4
040 _cAR-BaBNM
245 1 0 _aNotas sobre la enseñanza de una geografía renovada
250 _a1ª ed.
260 _aBuenos Aires
_bAique
_c1995
300 0 _a96 p.
490 0 _aTransformación
504 _aBibliografía: p. 95-96
650 4 _aENSENANZA DE LA GEOGRAFIA
650 4 _aPENSAMIENTO CRITICO
650 4 _aGEOGRAFIA
650 4 _aCAMBIO SOCIAL
650 4 _aMEDIO URBANO
650 4 _aRECURSOS NATURALES
650 4 _aDESARROLLO
650 4 _aMEDIO AMBIENTE
650 4 _aESTADO
650 4 _aSOBERANIA
650 4 _aTERRITORIO NACIONAL
650 4 _aINDUSTRIA
650 4 _aAGRICULTURA
650 4 _aCAPITALISMO
650 4 _aECONOMIA
650 4 _aCIENCIAS SOCIALES
651 4 _aAmérica Latina
700 1 _aBlanco, Jorge
700 1 _aFernández Caso, María Victoria
700 1 _aGurevich, Raquel
700 1 _aTobío, Omar
942 _cBK
998 _cGrace
999 _c7945
_d7945